000 00589nam a2200217Ia 4500
005 20260429111937.0
008 260429s9999||||xx |||||||||||||| ||und||
020 _a9789390729470
041 _aEnglish
082 _a954.04
_bSHA
100 _aSharma, S.S.
245 0 _aGreat tragedy of India's partition /
_cS.S. Sharma
250 _a1st ed.
260 _aNew Delhi :
_bManohar Publishers and Distributors,
_c2024.
300 _a554 p.; hb
650 _a Modern India
650 _a Political history
650 _a Refugees
650 _aIndia-Partition, 1947
942 _cTB
999 _c51548
_d51548